000 00691nam a2200241Ia 4500
003 OSt
005 20220923221712.0
006 a|||||r|||| 00| 0
007 ta
008 220922b |||||||| |||| 00| 0 hin d
024 _a199,474
037 _cTextual
040 _aARTS
_cARTS
_bhin
041 _2hin
_ahin
082 _aQ1:21:9, 152H3.1-.4
100 _aविश्वबन्धु
245 0 _aवेद सन्देश
246 _aVed sandesha
260 _c2003
490 _aवैदिकाश्रम ग्रथमाला 1 3 5 6
942 _hQ1:21:9, 152H3.1-.4
_cTEXL
_2CC
999 _c351214
_d351214